[Event "10th Varna it"]
[Site "Golden Sands BUL"]
[Date "1971.09.??"]
[Round "1"]
[White "Basman, Michael John"]
[Black "Bobotsov, Milko"]
[Result "1/2-1/2"]
[WhiteElo "2410"]
[BlackElo "2485"]
[EventDate "1971.09.02"]
[PlyCount "71"]

1. d4 Nf6 2. g3 d5 3. Bg2 c6 4. Nf3 Bf5 5. c4 e6 6. O-O Nbd7 7. b3 Be7 8. Bb2
O-O 9. Nbd2 Ne4 10. Ne1 Qa5 11. Nxe4 Bxe4 12. Qc1 Bg6 13. Nf3 Rac8 14. Qd2 Qxd2
15. Nxd2 Bf6 16. e4 dxe4 17. Nxe4 Bxe4 18. Bxe4 Rfd8 19. Rfd1 Nf8 20. Rd2 Rd7
21. Rad1 Rcd8 22. b4 Ng6 23. a4 a6 24. f4 Ne7 25. a5 g6 26. g4 Bg7 27. h3 Bh6
28. g5 Bg7 29. Kg2 Nc8 30. Kf3 Nd6 31. Bd3 h5 32. gxh6 Bxh6 33. h4 Nf5 34. Bxf5
gxf5 35. h5 Kh7 36. Rg2 1/2-1/2

[Event "10th Varna it"]
[Site "Golden Sands BUL"]
[Date "1971.09.??"]
[Round "1"]
[White "Damjanovic, Mato"]
[Black "Gheorghiu, Florin"]
[Result "0-1"]
[WhiteElo "2490"]
[BlackElo "2530"]
[EventDate "1971.09.02"]
[PlyCount "72"]

1.d4 Nf6 2.Nf3 g6 3.Bg5 Bg7 4.Nbd2 O-O 5.c3 d6 6.e3 h6 7.Bxf6 Bxf6 8.Bc4 
Bg7 9.O-O c5 10.b4 cxd4 11.cxd4 Nc6 12.b5 Na5 13.Bd5 Bd7 14.a4 a6 15.Qe2 
axb5 16.axb5 Qb6 17.Rfb1 Rfc8 18.h3 e6 19.Be4 d5 20.Bd3 Qd6 21.Qd1 b6 22.
Bf1 Rc7 23.Nb3 Rca7 24.Nbd2 Nb7 25.Ra6 Na5 26.Ra1 Rxa6 27.bxa6 Bc8 28.Qc2 
Qd8 29.e4 dxe4 30.Qxe4 Bxa6 31.Bxa6 Rxa6 32.Nc4 b5 33.Nce5 b4 34.Qf4 Ra7 
35.Nd2 g5 36.Qe4 Bxe5 0-1

[Event "10th Varna it"]
[Site "Golden Sands BUL"]
[Date "1971.09.??"]
[Round "1"]
[White "Nikolic, Stanimir"]
[Black "Peev, Peicho"]
[Result "1-0"]
[WhiteElo "2360"]
[BlackElo "2400"]
[EventDate "1971.09.02"]
[PlyCount "97"]

1. e4 c5 2. Nc3 g6 3. Bc4 Nc6 4. d3 Bg7 5. Nge2 a6 6. Be3 Nd4 7. Qd2 e6 8. O-O
Ne7 9. Nf4 b5 10. Bb3 O-O 11. Bxd4 cxd4 12. Nce2 Qc7 13. a4 Rb8 14. axb5 Rxb5
15. Ra4 Qd6 16. Nh3 f5 17. f4 fxe4 18. dxe4 d3 19. Nf2 Bxb2 20. Qxd3 Qb6 21.
Bc4 Ra5 22. Rxa5 Qxa5 23. e5 Qc5 24. c3 a5 25. Rb1 Ba3 26. g3 Qa7 27. Nd4 Bc5
28. Ne4 Nc6 29. Nxc5 Qxc5 30. Kg2 a4 31. Rb5 Qe7 32. Bxe6+ dxe6 33. Nxc6 Bb7
34. Qf3 Qd7 35. Ne7+ Qxe7 36. Qxb7 Qxb7+ 37. Rxb7 Ra8 38. Rb2 Kf7 39. Kf3 g5
40. fxg5 Kg6 41. Ke3 Kf5 42. Kd4 Rd8+ 43. Kc4 Rc8+ 44. Kd3 Rd8+ 45. Kc2 Kxe5
46. Rb7 Ra8 47. Rxh7 a3 48. Kb1 Kf5 49. h4 1-0

[Event "10th Varna it"]
[Site "Golden Sands BUL"]
[Date "1971.09.??"]
[Round "1"]
[White "Smejkal, Jan"]
[Black "Popov, Luben"]
[Result "1/2-1/2"]
[WhiteElo "2515"]
[BlackElo "2460"]
[EventDate "1971.09.02"]
[PlyCount "80"]

1.Nf3 c5 2.c4 g6 3.d4 cxd4 4.Nxd4 Bg7 5.e4 Nc6 6.Be3 Nf6 7.Nc3 Ng4 8.Qxg4 
Nxd4 9.Qd1 Ne6 10.Rc1 d6 11.Bd3 O-O 12.O-O Nc5 13.Bb1 a5 14.f4 b6 15.Bd4 
e5 16.fxe5 Bxe5 17.Nd5 Be6 18.Nf6+ Kg7 19.Qd2 h6 20.b3 Qc7 21.Qf2 Rab8 22.
Rcd1 Rfd8 23.Nd5 Bxd5 24.Bxe5+ dxe5 25.Qf6+ Kg8 26.exd5 Re8 27.h4 h5 28.
Qg5 e4 29.d6 Qd7 30.Rf6 Re6 31.Rxe6 Qxe6 32.d7 Nxd7 33.Bxe4 Qxe4 34.Rxd7 
Re8 35.Qf6 Qe1+ 36.Kh2 Qe5+ 37.Qxe5 Rxe5 38.Rb7 Re6 39.Kg3 Rf6 40.a3 Kf8 
1/2-1/2

[Event "10th Varna it"]
[Site "Golden Sands BUL"]
[Date "1971.09.??"]
[Round "1"]
[White "Spasov, Luben"]
[Black "Radulov, Ivan"]
[Result "1/2-1/2"]
[WhiteElo "2420"]
[BlackElo "2485"]
[EventDate "1971.09.02"]
[PlyCount "68"]

1. d4 Nf6 2. c4 d6 3. Nc3 c6 4. e4 e5 5. Nf3 Bg4 6. Be2 Nbd7 7. Be3 Be7 8. O-O
O-O 9. d5 cxd5 10. cxd5 a6 11. Ne1 Bxe2 12. Qxe2 b5 13. Nd3 Qb8 14. Nb4 Bd8 15.
f3 Bb6 16. Nc6 Qb7 17. Rfc1 Rfe8 18. Rc2 Rac8 19. Rac1 Kf8 20. Bxb6 Qxb6+ 21.
Qf2 Rc7 22. Qxb6 Nxb6 23. a4 bxa4 24. Nd1 Rec8 25. Ne3 g6 26. Nc4 Nxc4 27. Rxc4
Rb7 28. Rxa4 Rxb2 29. Rxa6 Rc7 30. Ra8+ Kg7 31. g4 Nd7 32. Rca1 Rcb7 33. R8a7
R7b3 34. Rxd7 Rc3 1/2-1/2

[Event "10th Varna it"]
[Site "Golden Sands BUL"]
[Date "1971.09.??"]
[Round "1"]
[White "Szilagyi, Gyorgy"]
[Black "Kolarov, Atanas"]
[Result "1/2-1/2"]
[WhiteElo "2370"]
[BlackElo "2435"]
[EventDate "1971.09.02"]
[PlyCount "36"]

1. Nf3 Nf6 2. g3 g6 3. Bg2 Bg7 4. O-O O-O 5. d3 d5 6. Nc3 c6 7. e4 Bg4 8. h3
Bxf3 9. Qxf3 e6 10. Rb1 Nbd7 11. b4 Ne8 12. Bd2 Nd6 13. Qe2 Re8 14. f4 Rc8 15.
g4 f5 16. e5 Nb5 17. Nxb5 cxb5 18. c3 Nb6 1/2-1/2

[Event "10th Varna it"]
[Site "Golden Sands BUL"]
[Date "1971.09.??"]
[Round "1"]
[White "Vasiukov, Evgeny"]
[Black "Minev, Nikolai"]
[Result "1/2-1/2"]
[WhiteElo "2570"]
[BlackElo "2455"]
[EventDate "1971.09.02"]
[PlyCount "33"]

1. e4 e6 2. d4 d5 3. Nc3 Nf6 4. Bg5 dxe4 5. Nxe4 Be7 6. Bxf6 gxf6 7. Nf3 b6 8.
Bc4 Bb7 9. Qe2 c6 10. O-O Nd7 11. Rfe1 Nf8 12. Qe3 Ng6 13. Qh6 Bf8 14. Qh3 Be7
15. Qh6 Bf8 16. Qh3 Be7 17. Qh6 1/2-1/2

[Event "10th Varna it"]
[Site "Golden Sands BUL"]
[Date "1971.09.??"]
[Round "2"]
[White "Basman, Michael John"]
[Black "Smejkal, Jan"]
[Result "0-1"]
[WhiteElo "2410"]
[BlackElo "2515"]
[EventDate "1971.09.02"]
[PlyCount "86"]

1. d4 Nf6 2. g3 g6 3. Bg2 d5 4. Nf3 Bg7 5. O-O O-O 6. Nc3 Nbd7 7. Be3 c6 8. Qc1
Re8 9. Bh6 Bh8 10. Bf4 Qb6 11. e3 Nh5 12. Ne2 Nxf4 13. exf4 Nf8 14. c3 Bf5 15.
Qd2 Rad8 16. Rfe1 Be4 17. Ng5 Bxg2 18. Kxg2 f6 19. Nf3 Nd7 20. f5 gxf5 21. Nh4
e6 22. Nf4 Nf8 23. Re3 Qc7 24. Rae1 Qd7 25. Qe2 e5 26. Nd3 Ng6 27. Qh5 f4 28.
gxf4 exf4 29. Rf3 Rxe1 30. Nxe1 Qe8 31. Nd3 Rd7 32. Nf5 Bg7 33. Qg4 b6 34. Nxf4
Qe4 35. Kg3 Bf8 36. h4 Kh8 37. Nxg6+ hxg6 38. Qxg6 Rg7 39. h5 Rxg6+ 40. hxg6
Kg8 41. Rf4 Qd3+ 42. f3 Qb1 43. a3 Qg1+ 0-1

[Event "10th Varna it"]
[Site "Golden Sands BUL"]
[Date "1971.09.??"]
[Round "2"]
[White "Bobotsov, Milko"]
[Black "Kirov, Nino"]
[Result "1/2-1/2"]
[WhiteElo "2485"]
[BlackElo "2450"]
[EventDate "1971.09.02"]
[PlyCount "39"]

1. c4 Nf6 2. d4 g6 3. Nc3 d5 4. Nf3 Bg7 5. e3 O-O 6. cxd5 Nxd5 7. Bc4 Nb6 8.
Bb3 c5 9. O-O cxd4 10. Nxd4 Na6 11. Qe2 Nc5 12. Bc2 a6 13. Rd1 Qc7 14. a4 e5
15. Nf3 Be6 16. a5 Nc8 17. Ng5 Bb3 18. Ra3 Bxc2 19. Qxc2 Nd7 20. Qa4 1/2-1/2

[Event "10th Varna it"]
[Site "Golden Sands BUL"]
[Date "1971.09.??"]
[Round "2"]
[White "Gheorghiu, Florin"]
[Black "Spasov, Luben"]
[Result "1-0"]
[WhiteElo "2530"]
[BlackElo "2420"]
[EventDate "1971.09.02"]
[PlyCount "97"]

1.Nf3 Nf6 2.g3 c5 3.Bg2 Nc6 4.c4 g6 5.O-O Bg7 6.d4 cxd4 7.Nxd4 O-O 8.Nc3 
Nxd4 9.Qxd4 d6 10.Qd3 a6 11.Bd2 Rb8 12.a4 Nd7 13.Qc2 a5 14.Rad1 Nc5 15.b3 
Bd7 16.Nb5 Bc6 17.Bc3 Bxg2 18.Kxg2 Bxc3 19.Qxc3 Qc8 20.f3 b6 21.e4 Qb7 22.
Rd5 Nd7 23.Rc1 Rbc8 24.Qd2 Rc5 25.Nc3 f6 26.Qe3 Ne5 27.f4 Nf7 28.Qf3 Kg7 
29.Nb5 Nd8 30.h4 Nc6 31.h5 Qc8 32.Rh1 Rg8 33.Qe3 Kh8 34.hxg6 Rxg6 35.Rdh5 
Rg7 36.f5 Re5 37.R1h4 Qd8 38.Nc3 Nb4 39.Ne2 d5 40.Qh6 Qg8 41.Nf4 dxc4 42.
bxc4 Qf7 43.Ng6+ Kg8 44.Nxe5 fxe5 45.Rg5 Rxg5 46.Qxg5+ Kh8 47.Qg6 Qg8 48.
Qxg8+ Kxg8 49.Rh6 1-0

[Event "10th Varna it"]
[Site "Golden Sands BUL"]
[Date "1971.09.??"]
[Round "2"]
[White "Kolarov, Atanas"]
[Black "Padevsky, Nikola"]
[Result "1/2-1/2"]
[WhiteElo "2435"]
[BlackElo "2460"]
[EventDate "1971.09.02"]
[PlyCount "44"]

1. Nf3 Nf6 2. b3 b6 3. Bb2 e6 4. g3 Bb7 5. Bg2 Be7 6. O-O c5 7. c4 O-O 8. d4 d6
9. Nc3 Ne4 10. Qc2 Nxc3 11. Bxc3 Qc7 12. e4 cxd4 13. Nxd4 a6 14. Qb2 Nd7 15.
Rfe1 Rfd8 16. Rac1 Bf8 17. Qe2 Rac8 18. Bb2 Re8 19. Nc2 Nc5 20. Nb4 Qb8 21. Nd3
Rcd8 22. Nf4 Qc8 1/2-1/2

[Event "10th Varna it"]
[Site "Golden Sands BUL"]
[Date "1971.09.??"]
[Round "2"]
[White "Minev, Nikolai"]
[Black "Damjanovic, Mato"]
[Result "1/2-1/2"]
[WhiteElo "2455"]
[BlackElo "2490"]
[EventDate "1971.09.02"]
[PlyCount "28"]

1. d4 Nf6 2. c4 e6 3. Nc3 Bb4 4. Qc2 c5 5. dxc5 Na6 6. a3 Qa5 7. Bd2 Nxc5 8.
Rc1 Bxc3 9. Bxc3 Qa4 10. Qxa4 Nxa4 11. e3 Nxc3 12. Rxc3 d6 13. Bd3 Bd7 14. Ne2
Ke7 1/2-1/2

[Event "10th Varna it"]
[Site "Golden Sands BUL"]
[Date "1971.09.??"]
[Round "2"]
[White "Peev, Peicho"]
[Black "Szilagyi, Gyorgy"]
[Result "1/2-1/2"]
[WhiteElo "2400"]
[BlackElo "2370"]
[EventDate "1971.09.02"]
[PlyCount "100"]

1. d4 Nf6 2. c4 g6 3. Nc3 d5 4. cxd5 Nxd5 5. g3 Bg7 6. Bg2 c6 7. Nf3 O-O 8. O-O
Nd7 9. Nxd5 cxd5 10. Bf4 Qb6 11. b3 Nf6 12. Rc1 Bd7 13. Bc7 Qa6 14. a4 Rfc8 15.
Qd2 Ne4 16. Qe3 Bc6 17. Bf4 f6 18. h4 b5 19. Bh3 f5 20. Ne5 Be8 21. f3 Nd6 22.
Nd3 Nf7 23. Nc5 Qf6 24. Rfd1 bxa4 25. bxa4 h6 26. Qd3 g5 27. hxg5 hxg5 28. Be3
Nd6 29. Bf2 Bg6 30. Qa6 Qf7 31. Nd7 Nc4 32. Bf1 Qe8 33. Nc5 Bf7 34. e4 Rc6 35.
Qb7 Nd6 36. Qb4 dxe4 37. fxe4 fxe4 38. d5 Rb6 39. Qd2 Bf6 40. Bh3 Rb2 41. Qe3
Rab8 42. Bd7 Qd8 43. Be6 Qb6 44. Qe1 Qb4 45. Nd7 Qxe1+ 46. Rxe1 R8b3 47. Nxf6+
exf6 48. Rc6 Rf3 49. Rxd6 Rfxf2 50. Rd8+ Kg7 1/2-1/2

[Event "10th Varna it"]
[Site "Golden Sands BUL"]
[Date "1971.09.??"]
[Round "2"]
[White "Popov, Luben"]
[Black "Vasiukov, Evgeny"]
[Result "0-1"]
[WhiteElo "2460"]
[BlackElo "2570"]
[EventDate "1971.09.02"]
[PlyCount "86"]

1.d4 Nf6 2.c4 c5 3.d5 b5 4.cxb5 a6 5.bxa6 Bxa6 6.Nc3 d6 7.Nf3 g6 8.e4 Bxf1
9.Kxf1 Nbd7 10.g3 Bg7 11.Kg2 O-O 12.Re1 Ng4 13.Re2 Qa5 14.Bg5 Rfe8 15.Qc2 
h6 16.Bd2 Qa6 17.Rd1 Reb8 18.Bc1 Rb7 19.h3 Nge5 20.Nxe5 Nxe5 21.f4 Nd7 22.
e5 dxe5 23.f5 Rb6 24.h4 Qb7 25.fxg6 Rxg6 26.h5 Rd6 27.Be3 c4 28.Qe4 Rc8 
29.Qf3 Nf6 30.Red2 Qa8 31.a3 Kh8 32.Bf2 Rd7 33.Re2 Rb8 34.Rdd2 Rb3 35.Rxe5
e6 36.Bd4 Nxd5 37.Ree2 Bxd4 38.Rxd4 Ne3+ 39.Rxe3 Qxf3+ 40.Rxf3 Rxb2+ 41.
Kh3 Rxd4 42.Rxf7 Rc2 43.Na4 c3 0-1

[Event "10th Varna it"]
[Site "Golden Sands BUL"]
[Date "1971.09.??"]
[Round "2"]
[White "Radulov, Ivan"]
[Black "Nikolic, Stanimir"]
[Result "1-0"]
[WhiteElo "2485"]
[BlackElo "2360"]
[EventDate "1971.09.02"]
[PlyCount "117"]

1. e4 c5 2. Nf3 Nc6 3. d4 cxd4 4. Nxd4 e6 5. Nc3 Qc7 6. Be3 a6 7. Bd3 Nf6 8.
O-O Be7 9. Kh1 d6 10. f4 Bd7 11. Qf3 g6 12. Rae1 O-O 13. h3 Qa5 14. Qf2 Qd8 15.
f5 Ne5 16. Bh6 Re8 17. Nf3 Kh8 18. fxg6 fxg6 19. Nxe5 dxe5 20. Qg3 Qc7 21. Rf3
Nh5 22. Qf2 Bc5 23. Qh4 Be7 24. Qf2 Bc5 25. Qd2 Kg8 26. Ne2 Bc6 27. Ref1 Bf8
28. Bg5 Bd6 29. Bh6 Bf8 30. g4 Nf4 31. Nxf4 exf4 32. Bxf4 Qg7 33. Qh2 Qxb2 34.
Be5 Qb4 35. c3 Qe7 36. Bd4 Bg7 37. Rf7 Qxf7 38. Rxf7 Kxf7 39. Bxg7 Kxg7 40.
Qe5+ Kg8 41. Bc4 Bd7 42. h4 Rac8 43. h5 Kf7 44. h6 Ke7 45. Bd5 b5 46. Bb7 Rc4
47. Bd5 Rcc8 48. Bb7 Rc4 49. Qg7+ Kd6 50. Qxh7 Rc7 51. e5+ Kxe5 52. Bg2 Kd6 53.
Qxg6 Rxc3 54. Qg7 e5 55. h7 Rcc8 56. g5 Rf8 57. Qh6+ Be6 58. g6 Rh8 59. g7 1-0

[Event "10th Varna it"]
[Site "Golden Sands BUL"]
[Date "1971.09.??"]
[Round "3"]
[White "Damjanovic, Mato"]
[Black "Popov, Luben"]
[Result "1/2-1/2"]
[WhiteElo "2490"]
[BlackElo "2460"]
[EventDate "1971.09.02"]
[PlyCount "40"]

1. e4 c5 2. Nf3 e6 3. d4 cxd4 4. Nxd4 a6 5. Nc3 b5 6. Bd3 Ne7 7. O-O Nec6 8.
Nxc6 Nxc6 9. Qe2 d6 10. Bd2 Ne5 11. Nd1 Be7 12. Ne3 O-O 13. a4 Nxd3 14. cxd3
bxa4 15. Rxa4 Bd7 16. Ra2 Bb5 17. Bc3 Bf6 18. Qd2 Rc8 19. Rd1 Bg5 20. Raa1 d5
1/2-1/2

[Event "10th Varna it"]
[Site "Golden Sands BUL"]
[Date "1971.09.??"]
[Round "3"]
[White "Kirov, Nino"]
[Black "Kolarov, Atanas"]
[Result "1/2-1/2"]
[WhiteElo "2450"]
[BlackElo "2435"]
[EventDate "1971.09.02"]
[PlyCount "35"]

1. e4 e5 2. Nc3 Nc6 3. f4 d6 4. Bc4 Nf6 5. d3 Be7 6. Nf3 O-O 7. O-O Na5 8. Bb3
Nxb3 9. axb3 c6 10. Kh1 exf4 11. Bxf4 d5 12. exd5 Nxd5 13. Nxd5 Qxd5 14. Ne5
Be6 15. Qf3 Qxf3 16. Nxf3 Bf6 17. Be5 Bxe5 18. Nxe5 1/2-1/2

[Event "10th Varna it"]
[Site "Golden Sands BUL"]
[Date "1971.09.??"]
[Round "3"]
[White "Nikolic, Stanimir"]
[Black "Gheorghiu, Florin"]
[Result "1/2-1/2"]
[WhiteElo "2360"]
[BlackElo "2530"]
[EventDate "1971.09.02"]
[PlyCount "114"]

1. e4 c5 2. Nc3 Nc6 3. g3 g6 4. Bg2 Bg7 5. Nge2 d6 6. Nf4 e6 7. d3 Rb8 8. Bd2
b5 9. Qc1 b4 10. Nd1 Nd4 11. h4 h6 12. Ne3 Nf6 13. c3 Nc6 14. Qc2 Ba6 15. Ne2
bxc3 16. Bxc3 Nb4 17. Bxb4 Rxb4 18. O-O Nd7 19. Rab1 Ne5 20. Rfd1 O-O 21. b3
Qe7 22. Nc4 Nc6 23. f4 Nd4 24. Nxd4 Bxd4+ 25. Kh2 g5 26. hxg5 hxg5 27. Qe2 Kg7
28. Qg4 Rh8+ 29. Bh3 f5 30. exf5 exf5 31. Qxg5+ Qxg5 32. fxg5 Kg6 33. Rf1 Rb7
34. Rbe1 Bxc4 35. dxc4 Be5 36. Kg2 Rf7 37. Rf3 Kxg5 38. Ref1 Rhf8 39. Kf2 a5
40. Ke2 Rh7 41. Rxf5+ Rxf5 42. Bxf5 Rh2+ 43. Ke3 Rxa2 44. Bd7 Rg2 45. g4 Rb2
46. Rf5+ Kh4 47. Ba4 Kxg4 48. Rf8 Bc3 49. Ke4 Rd2 50. Rf4+ Kg5 51. Rf5+ Kg6 52.
Rd5 Rd4+ 53. Rxd4 cxd4 54. Kd3 Kf6 55. Bc6 Ke7 56. Be4 Kd7 57. Kc2 Kc7 1/2-1/2

[Event "10th Varna it"]
[Site "Golden Sands BUL"]
[Date "1971.09.??"]
[Round "3"]
[White "Padevsky, Nikola"]
[Black "Peev, Peicho"]
[Result "1/2-1/2"]
[WhiteElo "2460"]
[BlackElo "2400"]
[EventDate "1971.09.02"]
[PlyCount "34"]

1. d4 Nf6 2. c4 c5 3. Nf3 g6 4. Nc3 Bg7 5. e4 cxd4 6. Nxd4 O-O 7. Be2 Nc6 8.
Be3 d6 9. O-O Bd7 10. f3 a6 11. Qd2 Nxd4 12. Bxd4 Qa5 13. Rfe1 Rfc8 14. Bxf6
exf6 15. Qxd6 Be6 16. Qd2 Bxc4 17. Bxc4 Rxc4 1/2-1/2

[Event "10th Varna it"]
[Site "Golden Sands BUL"]
[Date "1971.09.??"]
[Round "3"]
[White "Smejkal, Jan"]
[Black "Bobotsov, Milko"]
[Result "1-0"]
[WhiteElo "2515"]
[BlackElo "2485"]
[EventDate "1971.09.02"]
[PlyCount "69"]

1.c4 g6 2.Nf3 c5 3.d4 cxd4 4.Nxd4 Nc6 5.e4 Nf6 6.Nc3 Nxd4 7.Qxd4 d6 8.Be3 
Bg7 9.f3 O-O 10.Qd2 Bd7 11.Rc1 Qa5 12.Bd3 Rfc8 13.O-O a6 14.b3 b5 15.Rc2 
Rab8 16.Rfc1 b4 17.Ne2 Ne8 18.c5 Bb5 19.a4 Bxd3 20.Qxd3 dxc5 21.Rxc5 Rxc5 
22.Rxc5 Rd8 23.Qc4 Qb6 24.e5 Nc7 25.a5 Qa7 26.Nd4 Nb5 27.Nxb5 axb5 28.Qxb5
e6 29.Kf2 Bf8 30.Rc2 Qe7 31.g3 Rd5 32.Qb8 Rxa5 33.Bh6 Rc5 34.Ra2 Rxe5 35.
Bxf8 1-0

[Event "10th Varna it"]
[Site "Golden Sands BUL"]
[Date "1971.09.??"]
[Round "3"]
[White "Spasov, Luben"]
[Black "Minev, Nikolai"]
[Result "1/2-1/2"]
[WhiteElo "2420"]
[BlackElo "2455"]
[EventDate "1971.09.02"]
[PlyCount "101"]

1.e4 c6 2.Nc3 d5 3.Nf3 Bg4 4.h3 Bxf3 5.Qxf3 Nf6 6.d4 e6 7.Bg5 Be7 8.Bxf6 
Bxf6 9.O-O-O Nd7 10.g4 Bh4 11.Qe3 Qa5 12.Kb1 O-O-O 13.f4 h6 14.Bd3 Kb8 15.
Rhf1 Rhe8 16.Ne2 c5 17.c3 dxe4 18.Bxe4 cxd4 19.Nxd4 Bf6 20.Bg2 e5 21.Nf5 
Qb6 22.Qc1 Nc5 23.g5 Qe6 24.Qc2 e4 25.gxf6 Qxf5 26.fxg7 Rd3 27.b4 Ne6 28.
Bxe4 Rxd1+ 29.Rxd1 Qxf4 30.Rd7 Nxg7 31.Rxb7+ Kc8 32.Bg2 Re1+ 33.Kb2 Qe3 
34.Ka3 Rc1 35.Qb2 Rxc3+ 36.Ka4 Qd3 37.Rb5 Ne6 38.Bf1 Qd1+ 39.Ka5 Qd8+ 40.
Ka4 Qd1+ 41.Ka5 Qf3 42.a4 Qf6 43.Qg2 Qd8+ 44.Ka6 Nc7+ 45.Kxa7 Nxb5+ 46.
Bxb5 Qc7+ 47.Ka6 Qd6+ 48.Ka5 Kd8 49.Qg8+ Kc7 50.Qxf7+ Kb8 51.Qe8+ 1/2-1/2

[Event "10th Varna it"]
[Site "Golden Sands BUL"]
[Date "1971.09.??"]
[Round "3"]
[White "Szilagyi, Gyorgy"]
[Black "Radulov, Ivan"]
[Result "1/2-1/2"]
[WhiteElo "2370"]
[BlackElo "2485"]
[EventDate "1971.09.02"]
[PlyCount "29"]

1. d4 Nf6 2. Nf3 e6 3. Bg5 d5 4. c4 Be7 5. Nc3 O-O 6. e3 Nbd7 7. Rc1 b6 8. cxd5
exd5 9. Be2 Bb7 10. O-O Ne4 11. Bxe7 Qxe7 12. Qb3 Ndf6 13. Nxe4 Nxe4 14. Rc2 c5
15. Qa3 1/2-1/2

[Event "10th Varna it"]
[Site "Golden Sands BUL"]
[Date "1971.09.??"]
[Round "3"]
[White "Vasiukov, Evgeny"]
[Black "Basman, Michael John"]
[Result "1-0"]
[WhiteElo "2570"]
[BlackElo "2410"]
[EventDate "1971.09.02"]
[PlyCount "61"]

1.e4 c6 2.d4 g6 3.Nc3 d5 4.h3 Bg7 5.Nf3 dxe4 6.Nxe4 Nf6 7.Nxf6+ Bxf6 8.Bc4
Qd6 9.Qe2 a5 10.O-O b5 11.Bd3 Bf5 12.a4 b4 13.Bc4 h5 14.Re1 Nd7 15.Bg5 Kf8
16.Bb3 Bxg5 17.Nxg5 e6 18.Qf3 Nf6 19.Bxe6 fxe6 20.Rxe6 Qd8 21.Rae1 Kg8 22.
Rxc6 Ra7 23.Re5 Rd7 24.Qb3+ Nd5 25.h4 Kg7 26.Rxf5 Re8 27.Qg3 Re1+ 28.Kh2 
Qe8 29.Re5 Re7 30.Ne6+ Kh7 31.Nf8+ 1-0

[Event "10th Varna it"]
[Site "Golden Sands BUL"]
[Date "1971.09.??"]
[Round "4"]
[White "Basman, Michael John"]
[Black "Damjanovic, Mato"]
[Result "1/2-1/2"]
[WhiteElo "2410"]
[BlackElo "2490"]
[EventDate "1971.09.02"]
[PlyCount "93"]

1. d4 Nf6 2. g3 c5 3. c3 cxd4 4. cxd4 d5 5. Bg2 e6 6. Nf3 Nc6 7. O-O Be7 8. Nc3
O-O 9. Ne5 Qb6 10. e4 dxe4 11. Nxe4 Rd8 12. Nxc6 bxc6 13. Qc2 Ba6 14. Rd1 Nd5
15. Bg5 f6 16. Bd2 Bc8 17. Rac1 Bd7 18. h4 Rf8 19. Be1 Be8 20. Qe2 Bf7 21. Nc5
Bxc5 22. Rxc5 a5 23. Rdc1 Rfc8 24. Bh3 f5 25. Bg2 a4 26. a3 h6 27. R1c2 Qb7 28.
Bd2 Qd7 29. Qe5 Be8 30. Bc1 Qf7 31. Bf1 Bd7 32. Be2 Rcb8 33. R2c4 Rf8 34. Bd1
f4 35. Rxa4 Rxa4 36. Bxa4 Qg6 37. Bxc6 Bxc6 38. Rxc6 Rf6 39. Kh2 fxg3+ 40. fxg3
Qg4 41. Qe1 Ne7 42. Rc3 Nf5 43. Bf4 Nxh4 44. Qe4 Ng6 45. Rc8+ Kh7 46. Rc5 Kg8
47. Rc8+ 1/2-1/2

[Event "10th Varna it"]
[Site "Golden Sands BUL"]
[Date "1971.09.??"]
[Round "4"]
[White "Bobotsov, Milko"]
[Black "Kolarov, Atanas"]
[Result "1-0"]
[WhiteElo "2485"]
[BlackElo "2435"]
[EventDate "1971.09.02"]
[PlyCount "35"]

1. d4 Nf6 2. c4 e6 3. Nf3 b6 4. Nc3 Bb7 5. Bg5 Be7 6. Qc2 c5 7. Rd1 Nc6 8. e3
O-O 9. Be2 cxd4 10. Nxd4 Nxd4 11. Rxd4 Bxg2 12. Rg1 Bc6 13. Bd3 Re8 14. Rh4 g6
15. Bxg6 hxg6 16. Rh6 Kg7 17. Rxg6+ fxg6 18. Bh6+ 1-0

[Event "10th Varna it"]
[Site "Golden Sands BUL"]
[Date "1971.09.??"]
[Round "4"]
[White "Gheorghiu, Florin"]
[Black "Szilagyi, Gyorgy"]
[Result "1-0"]
[WhiteElo "2530"]
[BlackElo "2370"]
[EventDate "1971.09.02"]
[PlyCount "71"]

1.e4 c5 2.Nf3 Nc6 3.d4 cxd4 4.Nxd4 g6 5.c4 Nf6 6.Nc3 Nxd4 7.Qxd4 d6 8.Be3 
Bg7 9.f3 O-O 10.Qd2 Qa5 11.Rc1 Be6 12.Nd5 Qxd2+ 13.Kxd2 Bxd5 14.cxd5 Rfc8 
15.Rxc8+ Rxc8 16.g3 b6 17.Bh3 Rc7 18.Rc1 Ne8 19.b4 Rxc1 20.Kxc1 Nc7 21.Bd7
e6 22.Bc6 Bc3 23.a3 Kf8 24.Kc2 Be1 25.Bg5 exd5 26.exd5 f5 27.Bd8 Ne8 28.
Kd3 h5 29.Kc4 Ng7 30.Kb5 f4 31.gxf4 Nf5 32.Ka6 Nd4 33.Kxa7 Nxf3 34.h3 Bd2 
35.Bxb6 Bxf4 36.b5 1-0

[Event "10th Varna it"]
[Site "Golden Sands BUL"]
[Date "1971.09.??"]
[Round "4"]
[White "Minev, Nikolai"]
[Black "Nikolic, Stanimir"]
[Result "1-0"]
[WhiteElo "2455"]
[BlackElo "2360"]
[EventDate "1971.09.02"]
[PlyCount "81"]

1.d4 Nf6 2.c4 e6 3.g3 d5 4.Bg2 c6 5.Nf3 Bd6 6.Nbd2 Nbd7 7.O-O O-O 8.Qc2 
Re8 9.Rd1 Qe7 10.a3 e5 11.cxd5 cxd5 12.dxe5 Nxe5 13.Nd4 Neg4 14.Nf1 Ne4 
15.f3 Nxh2 16.fxe4 Nxf1 17.Rxf1 dxe4 18.Bf4 Bc5 19.Be3 Qe5 20.Rad1 Qxg3 
21.Bf4 Bxd4+ 22.Rxd4 Qg6 23.Qxe4 Bf5 24.Qxb7 Rac8 25.Rc1 Rxc1+ 26.Bxc1 h5 
27.Qb5 Re6 28.Rd8+ Kh7 29.Qb8 Qg4 30.Rh8+ Kg6 31.Qf4 Qxf4 32.Bxf4 Rxe2 33.
Rb8 Bg4 34.Bf1 Re6 35.Rb7 h4 36.Rxa7 Rf6 37.Ra6 Be6 38.Bd3+ Kh5 39.Be2+ 
Kg6 40.Bd3+ Kh5 41.Be5 1-0

[Event "10th Varna it"]
[Site "Golden Sands BUL"]
[Date "1971.09.??"]
[Round "4"]
[White "Peev, Peicho"]
[Black "Kirov, Nino"]
[Result "1/2-1/2"]
[WhiteElo "2400"]
[BlackElo "2450"]
[EventDate "1971.09.02"]
[PlyCount "34"]

1. d4 Nf6 2. c4 g6 3. Nc3 d5 4. cxd5 Nxd5 5. g3 Bg7 6. Bg2 Nb6 7. Nf3 O-O 8.
O-O Nc6 9. e3 Re8 10. a4 a5 11. h3 h6 12. Ne1 e5 13. d5 Nb4 14. Nc2 Bd7 15. e4
c6 16. Ne3 cxd5 17. Nexd5 N4xd5 1/2-1/2

[Event "10th Varna it"]
[Site "Golden Sands BUL"]
[Date "1971.09.??"]
[Round "4"]
[White "Popov, Luben"]
[Black "Spasov, Luben"]
[Result "0-1"]
[WhiteElo "2460"]
[BlackElo "2420"]
[EventDate "1971.09.02"]
[PlyCount "102"]

1. d4 Nf6 2. c4 c5 3. d5 e6 4. Nc3 exd5 5. cxd5 d6 6. Nf3 g6 7. e4 Bg7 8. Be2
O-O 9. O-O Re8 10. Nd2 Nbd7 11. f3 Ne5 12. a4 g5 13. Nc4 Nxc4 14. Bxc4 h6 15.
Ne2 a6 16. Ng3 Nh7 17. Kh1 b6 18. Ra2 Ra7 19. b3 Qe7 20. f4 g4 21. Re2 Bd7 22.
e5 b5 23. Bd3 dxe5 24. d6 Qh4 25. Nf5 Bxf5 26. Bxf5 g3 27. h3 e4 28. Bxe4 Rd8
29. Bc6 Bd4 30. d7 Raxd7 31. Bxd7 Rxd7 32. axb5 axb5 33. Bb2 Nf6 34. Bxd4 Rxd4
35. Qc1 Ne4 36. Kg1 Qh5 37. Ra2 Qd5 38. f5 Kh7 39. Qe1 Rd3 40. f6 Qd4+ 41. Kh1
Nf2+ 42. Raxf2 gxf2 43. Qe7 Kg6 44. Qf8 Kxf6 45. Qxh6+ Ke7 46. Qg5+ Ke6 47.
Qh6+ f6 48. Qg6 Rd1 49. Qe8+ Kd6 50. Qxb5 Rxf1+ 51. Qxf1 {56 moves} 0-1

[Event "10th Varna it"]
[Site "Golden Sands BUL"]
[Date "1971.09.??"]
[Round "4"]
[White "Radulov, Ivan"]
[Black "Padevsky, Nikola"]
[Result "0-1"]
[WhiteElo "2485"]
[BlackElo "2460"]
[EventDate "1971.09.02"]
[PlyCount "81"]

1. c4 c5 2. Nc3 Nc6 3. g3 g6 4. Bg2 Bg7 5. e4 d6 6. Nge2 e6 7. d3 Nge7 8. Be3
Nd4 9. O-O Nec6 10. Qd2 h5 11. h3 Rb8 12. Rad1 a6 13. b3 b5 14. Kh1 b4 15. Nb1
a5 16. Bxd4 Nxd4 17. Nxd4 Bxd4 18. f4 O-O 19. Qe2 Qe7 20. Nd2 Bb7 21. Nf3 Bg7
22. Qd2 a4 23. f5 axb3 24. axb3 exf5 25. exf5 Rbe8 26. Rde1 Qf6 27. fxg6 fxg6
28. Rxe8 Rxe8 29. d4 cxd4 30. Kh2 Re3 31. Nh4 Qe6 32. Qxb4 Bxg2 33. Nxg2 Re2
34. Qb7 d3 35. Qf3 d2 36. Qd3 Qe4 37. Qxe4 Rxe4 38. b4 Bc3 39. c5 dxc5 40. bxc5
Re1 41. Rxe1 0-1